Demografický vývoj Afriky: výzvy a príležitosti diplomová práca

Guardado en:
Detalles Bibliográficos
Autor principal: Gažiová, Nicol Sára
Autor Corporativo: Fakulta medzinárodných vzťahov EU. Katedra medzinárodných ekonomických vzťahov a hospodárskej diplomacie
Otros Autores: Grešš, Martin, 1978-
Formato: Libro
Lenguaje:eslovaco
Publicado: Bratislava 2025
Etiquetas: Agregar Etiqueta
Sin Etiquetas, Sea el primero en etiquetar este registro!

MARC

LEADER 00000nbm a2200000 4500
001 0309596
005 20260115110249.0
041 0 |a slo 
044 |a SK 
245 1 0 |a Demografický vývoj Afriky: výzvy a príležitosti  |b diplomová práca  |c Nicol Sára Gažiová ; školiteľ: Martin Grešš 
264 1 |a Bratislava  |c 2025 
300 |a 78 s. 
100 1 |a Gažiová, Nicol Sára 
700 1 |a Grešš, Martin, 1978- 
710 2 |a Fakulta medzinárodných vzťahov EU. Katedra medzinárodných ekonomických vzťahov a hospodárskej diplomacie